00370nam a2200145Ia 4500003000900000008004100009040003300050041000800083080001500091100001900106245002100125260004600146300002400192650000800216LK-CoDNM010623t1985 xxu||||| |||| 00| 1 eng d aLK-CoDNMdLK-CoDNMeLK-CoDNM aeng a349.2bDES aDe Silva, S.R. aLaw of dismissal bThe employers' federation of Ceylonc1985 b(xxxviii)242, 21 cm aLaw